[Event "I Weekend A"]
[Site "Piverone ITA"]
[Date "2012.03.09"]
[Round "1"]
[White "Bozza, Alberto"]
[Black "Benenati, Gianfranco"]
[WhiteElo "1589"]
[BlackElo "1874"]
[Result "0-1"]
[PlyCount "128"]
[EventDate "2012.03.09"]

1. e4 c5 2. Nf3 Nc6 3. d4 cxd4 4. Nxd4 g6 5. Bf4 Bg7 6. Be3 d6 7. c3 Nf6 8. f3
O-O 9. Bc4 Bd7 10. g4 Qb6 11. Qd2 Nxd4 12. cxd4 Rfc8 13. Be2 Qc7 14. Nc3 Qa5
15. Rc1 Rc7 16. Kf2 Rac8 17. h4 h5 18. gxh5 Qxh5 19. Rcg1 Qa5 20. Rg5 b5 21. a3
a6 22. e5 Nh7 23. exd6 exd6 24. Rg2 Rxc3 25. bxc3 Qxc3 26. Qxc3 Rxc3 27. h5 Bf5
28. hxg6 fxg6 29. Rgh2 Nf6 30. Bh6 Rxa3 31. Bxg7 Kxg7 32. Rh8 Ra2 33. Ra8 Nd5
34. Rhh8 Nf4 35. Rag8+ Kf6 36. Re8 Kg5 37. Kf1 Nxe2 38. Rh2 Ng3+ 39. Kg1 Ra1+
40. Kf2 Nh5 41. Rd8 Nf4 42. Rxd6 b4 43. Rb6 Bd7 44. Rh7 Bb5 45. Rhb7 Rf1+ 46.
Kg3 Ne2+ 47. Kg2 Nf4+ 48. Kg3 Rg1+ 49. Kh2 Rg2+ 50. Kh1 Be2 51. d5 Bxf3 52. d6
Rd2+ 53. Kg1 Bxb7 54. Rxb7 Rxd6 55. Rxb4 Rd2 56. Ra4 Rd6 57. Ra5+ Kg4 58. Ra4
g5 59. Ra2 Nd3 60. Rd2 Kf3 61. Kf1 Rd5 62. Rh2 g4 63. Rh7 Ra5 64. Rf7+ Nf4 0-1

[Event "I Weekend A"]
[Site "Piverone ITA"]
[Date "2012.03.09"]
[Round "1"]
[White "Castaldo, Folco"]
[Black "Lavino, Stefano"]
[WhiteElo "2417"]
[BlackElo "1677"]
[Result "1-0"]
[PlyCount "47"]
[EventDate "2012.03.09"]

1. e4 d5 2. exd5 Qxd5 3. Nc3 Qa5 4. d4 Nf6 5. Nf3 c6 6. Ne5 Bf5 7. Bc4 e6 8.
Qe2 Be7 9. Bd2 Qc7 10. g4 Bg6 11. h4 h6 12. Nxg6 fxg6 13. Qxe6 Rf8 14. g5 Nd5
15. Bxd5 cxd5 16. Nxd5 Qd7 17. Qxd7+ Kxd7 18. Nxe7 Kxe7 19. Bb4+ Ke8 20. Bxf8
Kxf8 21. O-O-O Nc6 22. d5 Ne5 23. Rhe1 Nd7 24. Rd4 1-0

[Event "I Weekend A"]
[Site "Piverone ITA"]
[Date "2012.03.09"]
[Round "1"]
[White "Gennaro, Isabella"]
[Black "Siclari, Giovanni"]
[WhiteElo "1632"]
[BlackElo "1956"]
[Result "1-0"]
[PlyCount "67"]
[EventDate "2012.03.09"]

1. e4 c5 2. Nf3 e6 3. d4 cxd4 4. Nxd4 Nc6 5. Nc3 Qc7 6. Be3 a6 7. Qd2 b5 8. a3
Nf6 9. Bd3 Ne5 10. f3 Bb7 11. O-O Be7 12. Rad1 O-O 13. Nce2 d5 14. exd5 Nxd5
15. Nf4 Nxe3 16. Qxe3 Bc5 17. Kh1 Nc6 18. Qe4 g6 19. Nfxe6 fxe6 20. Nxe6 Qe7
21. Nxf8 Rxf8 22. Qd5+ Kh8 23. Rfe1 Nd4 24. Qxd4+ Bxd4 25. Rxe7 Bc8 26. Rde1
Bxb2 27. Re8 Kg7 28. Rxf8 Kxf8 29. c4 Bxa3 30. cxb5 axb5 31. Bxb5 Be7 32. g4
Kf7 33. Bc4+ Kf6 34. g5+ 1-0

[Event "I Weekend A"]
[Site "Piverone ITA"]
[Date "2012.03.09"]
[Round "1"]
[White "Marguerettaz, Davy"]
[Black "Castaldo, Antonio"]
[WhiteElo "2211"]
[BlackElo "1651"]
[Result "1-0"]
[PlyCount "65"]
[EventDate "2012.03.09"]

1. e4 d6 2. d4 Nf6 3. Nc3 g6 4. Be3 Bg7 5. f3 O-O 6. Qd2 Nbd7 7. Bh6 c5 8. d5
Qa5 9. h4 Nh5 10. g4 Ng3 11. Rh3 Nxf1 12. Kxf1 Bxc3 13. bxc3 Qb5+ 14. Ne2 Re8
15. h5 Nf6 16. hxg6 fxg6 17. Kg2 Qd7 18. Nf4 e5 19. dxe6 Qe7 20. Nd5 Nxd5 21.
exd5 Bxe6 22. Re1 Bxg4 23. Rxe7 Bxh3+ 24. Kxh3 Rxe7 25. Bf4 Rd7 26. Qe3 Rf8 27.
Qe6+ Rff7 28. Bxd6 b6 29. Qe8+ Kg7 30. Bf8+ Kf6 31. Qe6+ Kg5 32. f4+ Kh5 33.
Qg4# 1-0

[Event "I Weekend A"]
[Site "Piverone ITA"]
[Date "2012.03.09"]
[Round "1"]
[White "Migliorini, Matteo"]
[Black "Papalini, Claudio"]
[WhiteElo "1970"]
[BlackElo "1634"]
[Result "1-0"]
[PlyCount "55"]
[EventDate "2012.03.09"]

1. e4 e6 2. d4 d5 3. Nc3 dxe4 4. Nxe4 Bd7 5. Nf3 Bc6 6. Bd3 Nd7 7. O-O Ngf6 8.
Qe2 Nxe4 9. Bxe4 Bxe4 10. Qxe4 c6 11. c4 Nf6 12. Qe2 Be7 13. Bf4 O-O 14. Rad1
Qa5 15. a3 Rfe8 16. Qc2 Rac8 17. Rfe1 c5 18. d5 exd5 19. cxd5 Nd7 20. Qf5 Qd8
21. d6 Bf6 22. Be5 g6 23. Bxf6 Qxf6 24. Qxd7 Rxe1+ 25. Rxe1 Rf8 26. Qe7 Qxb2
27. d7 Qb6 28. Rd1 1-0

[Event "I Weekend A"]
[Site "Piverone ITA"]
[Date "2012.03.09"]
[Round "1"]
[White "Paonessa, Denis"]
[Black "Ferraro, Federico"]
[WhiteElo "1854"]
[BlackElo "1562"]
[Result "1-0"]
[PlyCount "97"]
[EventDate "2012.03.09"]

1. d4 d5 2. c4 e6 3. Nc3 Nf6 4. Bg5 Nbd7 5. e3 c6 6. Nf3 Qa5 7. Nd2 Bb4 8. Qc2
Bxc3 9. bxc3 Ne4 10. Nxe4 dxe4 11. Bf4 c5 12. Be2 f5 13. O-O b6 14. d5 e5 15.
Bg3 h5 16. f4 h4 17. Be1 g6 18. Bd2 Qa6 19. a4 Qb7 20. a5 Qc7 21. Qa4 Kf7 22.
fxe5 Qxe5 23. axb6 Nxb6 24. Qb3 Bd7 25. Ra5 Qc7 26. Rfa1 Rhb8 27. Qa3 Na4 28.
Rxa4 Bxa4 29. Qxa4 Rb2 30. Qd1 Rab8 31. Bc1 R2b3 32. Qd2 Qb6 33. Bd1 Rb1 34.
Ra2 Qc7 35. Ba4 R1b6 36. Bb5 Rd6 37. Qd1 Qe7 38. Ba3 Rc8 39. Qe2 Qg5 40. Bc6
Rdxc6 41. dxc6 Rxc6 42. Rb2 Ke6 43. Rb5 f4 44. exf4 Qxf4 45. Rb1 Rb6 46. Rf1
Qe5 47. Qg4+ Kd6 48. Qxg6+ Kd7 49. Rf7+ 1-0

[Event "I Weekend A"]
[Site "Piverone ITA"]
[Date "2012.03.09"]
[Round "1"]
[White "Razzano, Lorenzo"]
[Black "Carraria Martinotti, Ludovico"]
[WhiteElo "1950"]
[BlackElo "1628"]
[Result "1-0"]
[PlyCount "105"]
[EventDate "2012.03.09"]

1. e4 d5 2. Nc3 d4 3. Nce2 e5 4. Ng3 Nf6 5. Bc4 Nc6 6. Nf3 Bg4 7. h3 Bxf3 8.
Qxf3 Na5 9. Bb5+ c6 10. Be2 b6 11. O-O Nb7 12. a4 Nd6 13. c3 c5 14. Bb5+ Nxb5
15. axb5 g6 16. c4 Bg7 17. d3 O-O 18. Bg5 h6 19. Bxf6 Qxf6 20. Qxf6 Bxf6 21.
Ra6 Rfb8 22. Rfa1 Rb7 23. Ne2 Bg5 24. g3 Be7 25. Kg2 Kg7 26. f4 f6 27. g4 Bd8
28. Kf3 Rf7 29. Ng3 exf4 30. Kxf4 Bc7+ 31. Kf3 Bxg3 32. Kxg3 Rb7 33. R1a4 Kf7
34. b4 cxb4 35. Rxb4 Rc8 36. Ra2 Rbc7 37. Rb1 Ke6 38. Rf1 Rf7 39. Raf2 Rcc7 40.
h4 Rc5 41. h5 gxh5 42. Rf5 Rxf5 43. exf5+ Kd7 44. Rf4 hxg4 45. Rxd4+ Ke7 46.
Rxg4 Kf8 47. d4 h5 48. Rg6 Rd7 49. Rxf6+ Kg7 50. Rg6+ Kf7 51. d5 Rc7 52. Rc6
Rd7 53. Kh4 1-0

[Event "I Weekend A"]
[Site "Piverone ITA"]
[Date "2012.03.09"]
[Round "1"]
[White "Trovero, Leo"]
[Black "Chiarotto, Filippo"]
[WhiteElo "1641"]
[BlackElo "2082"]
[Result "0-1"]
[PlyCount "60"]
[EventDate "2012.03.09"]

1. d4 d5 2. c4 c6 3. Nf3 a6 4. Bf4 dxc4 5. e4 b5 6. a4 Bb7 7. Be2 e6 8. O-O Nf6
9. Qc2 Nbd7 10. Nc3 Be7 11. axb5 cxb5 12. e5 Nd5 13. Nxd5 Bxd5 14. Nd2 Bg5 15.
Bxg5 Qxg5 16. Nf3 Qg6 17. Qxg6 hxg6 18. Ra5 Nb6 19. Nd2 Ke7 20. Bd1 Rhd8 21. b3
c3 22. Nb1 b4 23. Be2 Bxb3 24. Rxa6 Rxa6 25. Bxa6 Rxd4 26. Nxc3 bxc3 27. Rc1 c2
28. Be2 Rd1+ 29. Bxd1 cxd1=Q+ 30. Rxd1 Bxd1 0-1

[Event "I Weekend A"]
[Site "Piverone ITA"]
[Date "2012.03.10"]
[Round "2"]
[White "Bardone, Lorenzo"]
[Black "Castaldo, Folco"]
[WhiteElo "1845"]
[BlackElo "2417"]
[Result "0-1"]
[PlyCount "92"]
[EventDate "2012.03.09"]

1. e4 c5 2. Nf3 Nc6 3. Bb5 d6 4. O-O Bd7 5. Re1 Nf6 6. c3 a6 7. Bf1 Bg4 8. h3
Bxf3 9. Qxf3 g6 10. d3 Bg7 11. Nd2 O-O 12. Nb3 Rc8 13. Be3 c4 14. Nd4 Ne5 15.
Qd1 Nfd7 16. f4 Nxd3 17. Bxd3 cxd3 18. Qxd3 Nc5 19. Qc2 Qc7 20. Nb3 Na4 21. Bd4
b5 22. Bxg7 Kxg7 23. Qf2 Qb6 24. Qxb6 Nxb6 25. e5 dxe5 26. Rxe5 e6 27. Rd1 Nc4
28. Re2 Rfd8 29. Nd4 a5 30. b3 Nb6 31. Red2 Rd5 32. Ne2 Rdc5 33. b4 axb4 34.
cxb4 Rc4 35. a3 Re4 36. Nd4 Nc4 37. Rc2 Rb8 38. a4 Ne3 39. Re2 Nxd1 40. Rxe4
Nc3 41. Re5 bxa4 42. Nc2 Nd5 43. Re4 Rc8 44. Na3 Rc3 45. Nb5 Rb3 46. Nd6 a3 0-1

[Event "I Weekend A"]
[Site "Piverone ITA"]
[Date "2012.03.10"]
[Round "2"]
[White "Benenati, Gianfranco"]
[Black "Gennaro, Isabella"]
[WhiteElo "1874"]
[BlackElo "1632"]
[Result "1-0"]
[PlyCount "89"]
[EventDate "2012.03.09"]

1. e4 c5 2. Nf3 Nc6 3. d4 cxd4 4. Nxd4 Nf6 5. Nc3 e5 6. Ndb5 d6 7. Bg5 a6 8.
Na3 b5 9. Nd5 Be7 10. Bxf6 Bxf6 11. c3 O-O 12. Nc2 Bg5 13. Bd3 Be6 14. Nce3
Bxe3 15. Nxe3 Ne7 16. O-O Rc8 17. a4 Qb6 18. axb5 axb5 19. Qe2 Rb8 20. b4 Bd7
21. Ra5 Nc6 22. Nd5 Qb7 23. Ra3 Rfe8 24. Rfa1 Be6 25. Ne3 Red8 26. Qh5 Ra8 27.
Qe2 Rab8 28. h3 g6 29. Nd5 Bxd5 30. exd5 Nxb4 31. cxb4 Qxd5 32. Ra5 Qd4 33. Rb1
Rdc8 34. Bxb5 Rc3 35. Qd1 Qe4 36. Be2 Rxb4 37. Rxb4 Qxb4 38. Rb5 Qa3 39. Rb1
Rc6 40. Bf3 Ra6 41. Bd5 Ra7 42. Kh2 Qc5 43. Qf3 Qc7 44. Qf6 Ra5 45. Rb7 1-0

[Event "I Weekend A"]
[Site "Piverone ITA"]
[Date "2012.03.10"]
[Round "2"]
[White "Bosticardo, Tommaso"]
[Black "Razzano, Lorenzo"]
[WhiteElo "1774"]
[BlackElo "1950"]
[Result "1/2-1/2"]
[PlyCount "80"]
[EventDate "2012.03.09"]

1. d4 g6 2. e4 Bg7 3. Nf3 c5 4. c3 cxd4 5. cxd4 Nf6 6. Nc3 d6 7. Be2 O-O 8. O-O
Nc6 9. h3 Bd7 10. Be3 a6 11. Nd2 b5 12. f4 e5 13. d5 Na5 14. fxe5 dxe5 15. Qe1
Nb7 16. Qf2 h6 17. Bd3 Qe7 18. Nb3 Rac8 19. Rac1 Ne8 20. Ne2 Ned6 21. Nc5 a5
22. Qe1 f5 23. Nxd7 Qxd7 24. exf5 gxf5 25. Rxc8 Qxc8 26. Nc3 b4 27. Na4 Qe8 28.
Nc5 e4 29. Ba6 Nxc5 30. Bxc5 Qe5 31. Qd2 f4 32. a3 e3 33. Qd3 bxa3 34. bxa3 Rb8
35. Qg6 Ne4 36. Ba7 Ra8 37. Bd3 e2 38. Re1 Rxa7 39. Qxe4 Qxe4 40. Bxe4 Bf8
1/2-1/2

[Event "I Weekend A"]
[Site "Piverone ITA"]
[Date "2012.03.10"]
[Round "2"]
[White "Buffa, Sabarino Pietro"]
[Black "Paonessa, Denis"]
[WhiteElo "1686"]
[BlackElo "1854"]
[Result "1-0"]
[PlyCount "59"]
[EventDate "2012.03.09"]

1. e4 e5 2. Nf3 Nc6 3. d4 exd4 4. Nxd4 Bc5 5. Be3 Qf6 6. c3 Nge7 7. Bc4 b6 8.
O-O Bb7 9. Re1 O-O-O 10. Nxc6 Nxc6 11. Bxc5 bxc5 12. Bd5 Ba6 13. Nd2 Ne7 14.
Nb3 Nxd5 15. Qxd5 d6 16. Na5 Kb8 17. Nc6+ Kc8 18. Nxa7+ Kb8 19. Nc6+ Kc8 20.
Nxd8 Kxd8 21. Rad1 Re8 22. Qxc5 Re5 23. Qd4 Bb7 24. Re3 Kc8 25. a4 Qf4 26. Rf3
Qxe4 27. Qxe4 Rxe4 28. Rxf7 Rg4 29. f3 Rg6 30. Re1 1-0

[Event "I Weekend A"]
[Site "Piverone ITA"]
[Date "2012.03.10"]
[Round "2"]
[White "Carraria Martinotti, Ludovico"]
[Black "Bosticardo, Andrea"]
[WhiteElo "1628"]
[BlackElo "1329"]
[Result "1-0"]
[PlyCount "99"]
[EventDate "2012.03.09"]

1. e4 d5 2. exd5 Qxd5 3. Nc3 Qd6 4. Nf3 e6 5. d4 Be7 6. Be3 Nf6 7. Bc4 O-O 8.
O-O b6 9. Nb5 Qd8 10. Bf4 Bb7 11. Bxc7 Qc8 12. b3 Ne4 13. Bxb8 Rxb8 14. Nxa7
Qc7 15. Nb5 Qc8 16. Nd2 Nd6 17. Nxd6 Bxd6 18. Be2 Qc6 19. Bf3 Qc7 20. h3 Rbc8
21. Bxb7 Qxb7 22. c4 Qc7 23. Nf3 Rfd8 24. Qe2 Re8 25. Rfe1 Bb4 26. Red1 Rcd8
27. a3 Bc3 28. Rac1 Bxd4 29. Rxd4 Ra8 30. a4 b5 31. axb5 h6 32. Rcd1 Rf8 33.
Qe5 Qe7 34. c5 Ra5 35. Qd6 Qf6 36. b6 Raa8 37. b7 Rab8 38. c6 Rfc8 39. bxc8=Q+
Rxc8 40. b4 Ra8 41. c7 Kh7 42. Qd8 Rxd8 43. cxd8=Q Qxd8 44. Rxd8 Kg6 45. b5 f5
46. Ne5+ Kh5 47. b6 g5 48. g4+ Kh4 49. Rh8 Kxh3 50. Rxh6# 1-0

[Event "I Weekend A"]
[Site "Piverone ITA"]
[Date "2012.03.10"]
[Round "2"]
[White "Castaldo, Antonio"]
[Black "Pane, Gabriele"]
[WhiteElo "1651"]
[BlackElo "1538"]
[Result "0-1"]
[PlyCount "142"]
[EventDate "2012.03.09"]

1. Nf3 e6 2. g3 Nf6 3. Bg2 d5 4. d3 c5 5. O-O Nc6 6. Nc3 Be7 7. e4 d4 8. Nb5 a6
9. Na3 b5 10. Ne1 Qc7 11. f4 e5 12. Nf3 Bd6 13. Nh4 Ne7 14. fxe5 Bxe5 15. Nf3
Bg4 16. h3 Bxf3 17. Qxf3 Rd8 18. Bf4 Bxf4 19. gxf4 O-O 20. Rae1 Qc6 21. b3 Rd7
22. h4 h5 23. Nb1 Ng6 24. Qg3 Qc7 25. Nd2 Ng4 26. Bh3 Ne3 27. Bxd7 Nxf1 28.
Rxf1 Qxd7 29. f5 Nh8 30. e5 Re8 31. Ne4 Kf8 32. e6 Qe7 33. exf7 Nxf7 34. Rf2
Qd7 35. f6 Qg4 36. fxg7+ Kxg7 37. Qxg4+ hxg4 38. Nxc5 Re1+ 39. Kg2 Ne5 40. Ne6+
Kg6 41. Nxd4 a5 42. Re2 Nf3 43. Nxf3 Rxe2+ 44. Kg3 Rxc2 45. Kxg4 Rg2+ 46. Kf4
Rxa2 47. d4 Rb2 48. d5 Rxb3 49. Ne5+ Kh5 50. d6 Rb1 51. d7 Rd1 52. Ke3 Kxh4 53.
Ke2 Rd6 54. Nc6 Rxd7 55. Nxa5 Kg4 56. Ke3 Kf5 57. Nb3 Ke5 58. Nc5 Rd5 59. Nd3+
Kd6 60. Kd2 Rd4 61. Kc3 Kd5 62. Nb4+ Ke4 63. Nc2 Rc4+ 64. Kb3 Kd3 65. Na3 Rc3+
66. Kb4 Rxa3 67. Kxa3 Kc3 68. Ka2 Kc2 69. Ka3 Kc3 70. Ka2 b4 71. Kb1 Kb3 0-1

[Event "I Weekend A"]
[Site "Piverone ITA"]
[Date "2012.03.10"]
[Round "2"]
[White "Chiarotto, Filippo"]
[Black "Listello, Massimiliano"]
[WhiteElo "2082"]
[BlackElo "1705"]
[Result "1-0"]
[PlyCount "57"]
[EventDate "2012.03.09"]

1. e4 e6 2. d4 d5 3. Nc3 Nf6 4. e5 Nfd7 5. f4 c5 6. Nf3 Nc6 7. Be3 cxd4 8. Nxd4
Qb6 9. Qd2 Qxb2 10. Rb1 Qa3 11. Bb5 Ndb8 12. O-O Bd7 13. f5 Bc5 14. Bxc6 bxc6
15. Rb3 Qa5 16. Qf2 Bxd4 17. Bxd4 exf5 18. Bxa7 Qc7 19. Bc5 Be6 20. Bd6 Qc8 21.
Qh4 Qd8 22. Qxd8+ Kxd8 23. Rxb8+ Rxb8 24. Bxb8 Kd7 25. Bd6 Ra8 26. Rf4 Ra7 27.
Na4 g5 28. Nc5+ Ke8 29. Rb4 1-0

[Event "I Weekend A"]
[Site "Piverone ITA"]
[Date "2012.03.10"]
[Round "2"]
[White "Ferraro, Federico"]
[Black "Arruzza, Francesco"]
[WhiteElo "1562"]
[BlackElo "1830"]
[Result "0-1"]
[PlyCount "90"]
[EventDate "2012.03.09"]

1. e4 Nf6 2. e5 Nd5 3. d4 d6 4. c4 Nb6 5. f4 dxe5 6. fxe5 Nc6 7. Nf3 Bg4 8. Be3
e6 9. Be2 Qd7 10. Nc3 O-O-O 11. Bg5 Be7 12. Bxe7 Qxe7 13. c5 Nd5 14. Nxd5 Rxd5
15. h3 Bxf3 16. Bxf3 Rxd4 17. Qb3 Qxc5 18. Bxc6 Qxe5+ 19. Kf1 bxc6 20. Qa3 Qb5+
21. Kg1 a5 22. Kh2 Qe5+ 23. Qg3 Qd6 24. Rhf1 f6 25. Rac1 Kb7 26. Rc3 Qxg3+ 27.
Kxg3 Rhd8 28. Rfc1 Rd3+ 29. Kh2 R8d6 30. Ra3 Rxa3 31. bxa3 Rd5 32. Rc3 c5 33.
Rg3 g6 34. Rf3 f5 35. g4 Kc6 36. Kg3 c4 37. gxf5 exf5 38. Kf4 Rd4+ 39. Kg5 Rd3
40. Rf4 Kc5 41. Rh4 Rd7 42. Rf4 c3 43. Rf1 Kc4 44. Rf4+ Rd4 45. Rf3 c2 0-1

[Event "I Weekend A"]
[Site "Piverone ITA"]
[Date "2012.03.10"]
[Round "2"]
[White "Lavino, Stefano"]
[Black "Gaidano, Domenico"]
[WhiteElo "1677"]
[BlackElo "1562"]
[Result "0-1"]
[PlyCount "58"]
[EventDate "2012.03.09"]

1. d4 d5 2. Nf3 Nf6 3. Bf4 c6 4. e3 e6 5. c3 Be7 6. Bd3 O-O 7. Nbd2 b6 8. Ne5
Bb7 9. h3 Nbd7 10. Ndf3 Nxe5 11. Nxe5 Nd7 12. Qc2 g6 13. Bh6 Nxe5 14. dxe5 Re8
15. Bf4 Bg5 16. Bg3 Bh6 17. h4 Bg7 18. h5 Qg5 19. O-O-O Bxe5 20. Bxe5 Qxe5 21.
hxg6 fxg6 22. Rh3 Re7 23. Rdh1 Rg7 24. Rg3 Qf6 25. Qe2 e5 26. f3 Bc8 27. e4
Qf4+ 28. Kc2 Qxg3 29. exd5 cxd5 0-1

[Event "I Weekend A"]
[Site "Piverone ITA"]
[Date "2012.03.10"]
[Round "2"]
[White "Pairotti, Alberto"]
[Black "Bogatto, Mario"]
[WhiteElo "1557"]
[BlackElo "1421"]
[Result "1-0"]
[PlyCount "73"]
[EventDate "2012.03.09"]

1. e4 g6 2. Bc4 Bg7 3. Nf3 c6 4. d4 d6 5. O-O b5 6. Bb3 Bg4 7. Bxf7+ Kf8 8. h3
Bxf3 9. Qxf3 Nf6 10. Be6 Qc7 11. Re1 Nbd7 12. Bd2 Ke8 13. Bxd7+ Kxd7 14. e5 Nd5
15. e6+ Kd8 16. c3 Rf8 17. Qd3 Qc8 18. c4 bxc4 19. Qxc4 Nb6 20. Ba5 Rb8 21. Na3
Ke8 22. Bxb6 Rxb6 23. Qc3 c5 24. Rac1 Bxd4 25. Qxd4 Qb7 26. Qa4+ Kd8 27. Nc4
Ra6 28. Qc2 Rf6 29. Rcd1 Rf5 30. Qc3 Rf6 31. Qe5 Kc7 32. Nxd6 Rxd6 33. Rxd6 Kc8
34. Qxc5+ Qc7 35. Qxc7+ Kxc7 36. Rd7+ Kb8 37. Re5 1-0

[Event "I Weekend A"]
[Site "Piverone ITA"]
[Date "2012.03.10"]
[Round "2"]
[White "Papalini, Claudio"]
[Black "Bozio, Stefano"]
[WhiteElo "1634"]
[BlackElo "1500"]
[Result "1-0"]
[PlyCount "109"]
[EventDate "2012.03.09"]

1. d4 Nf6 2. Bf4 g6 3. e3 Bg7 4. h3 O-O 5. Be2 d6 6. Nf3 Nbd7 7. O-O b6 8. Nbd2
Bb7 9. c4 Re8 10. Qc2 e5 11. dxe5 Nxe5 12. Bh2 Qd7 13. Rad1 Qe7 14. b3 Nxf3+
15. Bxf3 Bxf3 16. Nxf3 Qe4 17. Qd2 Qb7 18. Qd3 Qe4 19. Qd4 Qc6 20. Qd3 Qe4 21.
Ne1 Qxd3 22. Nxd3 Ne4 23. Nb4 Nc3 24. Rd2 Ne4 25. Rd3 Nc3 26. Rxc3 Bxc3 27. Nd5
Be5 28. Nxc7 Bxh2+ 29. Kxh2 Red8 30. Nxa8 Rxa8 31. Rd1 Rd8 32. e4 Kf8 33. f4
Ke7 34. Kg3 Rc8 35. Rd4 Rc5 36. Rd5 Rxd5 37. exd5 Kf6 38. Kf3 Kf5 39. a4 Kf6
40. Ke4 h6 41. h4 g5 42. fxg5+ hxg5 43. h5 a6 44. g3 a5 45. g4 Kg7 46. Kf5 f6
47. h6+ Kxh6 48. Kxf6 Kh7 49. Kxg5 Kg7 50. Kf5 Kf7 51. g5 Kg7 52. g6 Kf8 53.
Kf6 Kg8 54. g7 Kh7 55. Kf7 1-0

[Event "I Weekend A"]
[Site "Piverone ITA"]
[Date "2012.03.10"]
[Round "2"]
[White "Penna, Tommaso"]
[Black "Migliorini, Matteo"]
[WhiteElo "1821"]
[BlackElo "1970"]
[Result "0-1"]
[PlyCount "44"]
[EventDate "2012.03.09"]

1. d4 Nf6 2. c4 e6 3. Nc3 Bb4 4. Nf3 c5 5. g3 O-O 6. Bg2 d6 7. O-O Nc6 8. Bf4
cxd4 9. Nb5 e5 10. a3 Ba5 11. b4 Bc7 12. Bg5 Bf5 13. Nh4 Bg6 14. e3 Bb6 15.
exd4 Nxd4 16. Nxd6 Qxd6 17. c5 Bxc5 18. bxc5 Qxc5 19. Bxf6 gxf6 20. Bxb7 Rab8
21. Bg2 Rfd8 22. Qa4 Bc2 0-1

[Event "I Weekend A"]
[Site "Piverone ITA"]
[Date "2012.03.10"]
[Round "2"]
[White "Ranieri, Fabrizio"]
[Black "Bellafiore, Enzo"]
[WhiteElo "2283"]
[BlackElo "1798"]
[Result "1-0"]
[PlyCount "151"]
[EventDate "2012.03.09"]

1. e4 e6 2. d4 d5 3. Nc3 dxe4 4. Nxe4 Bd7 5. Nf3 Bc6 6. Bd3 Nd7 7. Qe2 Ngf6 8.
Bd2 Be7 9. Neg5 O-O 10. Ne5 h6 11. Nxc6 bxc6 12. Ne4 c5 13. dxc5 Bxc5 14. O-O-O
Rb8 15. g4 Nxe4 16. Qxe4 Nf6 17. Qc4 Qd4 18. Qxd4 Bxd4 19. c3 Bxf2 20. g5 hxg5
21. Bxg5 Nd5 22. Be4 f6 23. Bxd5 exd5 24. Bf4 Bb6 25. Rxd5 Rfe8 26. Rhd1 Be3+
27. Bxe3 Rxe3 28. R1d2 Rh3 29. Rd7 Rb7 30. Kc2 a5 31. b3 g6 32. Re2 Kf8 33. a4
g5 34. Rd8+ Kf7 35. Ra8 Kg6 36. Rxa5 Rb8 37. Rd5 Rbh8 38. Rdd2 f5 39. a5 f4 40.
b4 f3 41. Rf2 g4 42. Kd3 Kf5 43. a6 Kf4 44. a7 Ra8 45. Ra2 c6 46. Kd4 Rh7 47.
Kc5 Raxa7 48. Rad2 Ra3 49. c4 Ke3 50. Rc2 Rc3 51. Rxf3+ gxf3 52. Rxc3+ Ke2 53.
Rc2+ Kd3 54. Rc1 f2 55. Kxc6 Rxh2 56. c5 Rh4 57. b5 Rc4 58. Rb1 Kd2 59. b6 Rc1
60. Rb2+ Rc2 61. Rb1 Rc1 62. Rxc1 Kxc1 63. b7 f1=Q 64. b8=Q Qf3+ 65. Kc7 Kc2
66. Qb4 Qd5 67. Qa4+ Kc3 68. c6 Qf7+ 69. Kb6 Qf2+ 70. Kb7 Qf7+ 71. Ka6 Qf1+ 72.
Qb5 Qf7 73. Qc5+ Kd2 74. c7 Qf1+ 75. Ka7 Kd3 76. Qd6+ 1-0

[Event "I Weekend A"]
[Site "Piverone ITA"]
[Date "2012.03.10"]
[Round "2"]
[White "Siclari, Giovanni"]
[Black "Bozza, Alberto"]
[WhiteElo "1956"]
[BlackElo "1589"]
[Result "1-0"]
[PlyCount "67"]
[EventDate "2012.03.09"]

1. Nf3 d5 2. c4 Nf6 3. cxd5 Nxd5 4. d4 Bf5 5. Nbd2 Nb6 6. e4 Bd7 7. Bd3 e6 8.
O-O c5 9. dxc5 Bxc5 10. Nb3 Ba4 11. Qe2 Bxb3 12. axb3 O-O 13. e5 Nc6 14. Qe4 f5
15. exf6 g6 16. Qxe6+ Kh8 17. Rd1 Qxf6 18. Qxf6+ Rxf6 19. Bd2 Nd4 20. Bc3 Rd8
21. Ng5 Nd5 22. Ne4 Nxc3 23. bxc3 Nxb3 24. Rab1 Re6 25. Bc2 Bxf2+ 26. Kxf2 Rf8+
27. Kg1 Na5 28. Rd6 Re7 29. Rbd1 Nc4 30. Rd7 Re5 31. Rd8 Ree8 32. Rxe8 Rxe8 33.
Rd7 Ne3 34. Nf6 1-0

[Event "I Weekend A"]
[Site "Piverone ITA"]
[Date "2012.03.10"]
[Round "3"]
[White "Arruzza, Francesco"]
[Black "Papalini, Claudio"]
[WhiteElo "1830"]
[BlackElo "1634"]
[Result "1-0"]
[PlyCount "87"]
[EventDate "2012.03.09"]

1. e4 e6 2. Nf3 d5 3. exd5 exd5 4. d4 Nf6 5. Bd3 Be7 6. O-O O-O 7. Bg5 Bg4 8.
Nbd2 Nbd7 9. c3 c6 10. Qc2 Bxf3 11. Nxf3 h6 12. Bh4 c5 13. Rfe1 Re8 14. Bb5 a6
15. Bxd7 Nxd7 16. Bg3 Nf6 17. Re2 cxd4 18. Nxd4 Bd6 19. Rxe8+ Nxe8 20. Qf5 Bxg3
21. hxg3 Nf6 22. Re1 Qd6 23. Qe5 Qxe5 24. Rxe5 Kf8 25. f3 Rd8 26. Kf2 Rd7 27.
Nf5 Ne8 28. Ke2 Nc7 29. Kd3 f6 30. Re3 b6 31. Nd4 Rd6 32. f4 Kf7 33. g4 g6 34.
f5 g5 35. Re1 Rd7 36. Rh1 Kg7 37. Ne6+ Nxe6 38. fxe6 Re7 39. Re1 Kg6 40. Kd4 f5
41. gxf5+ Kxf5 42. Kxd5 h5 43. Kd6 Ra7 44. e7 1-0

[Event "I Weekend A"]
[Site "Piverone ITA"]
[Date "2012.03.10"]
[Round "3"]
[White "Bellafiore, Enzo"]
[Black "Carraria Martinotti, Ludovico"]
[WhiteElo "1798"]
[BlackElo "1628"]
[Result "1/2-1/2"]
[PlyCount "90"]
[EventDate "2012.03.09"]

1. d4 d5 2. Bf4 Nf6 3. e3 Bf5 4. Nf3 e6 5. c3 Bd6 6. Bxd6 Qxd6 7. Ne5 Nbd7 8.
f4 Bxb1 9. Rxb1 Ne4 10. Bd3 Ndf6 11. O-O O-O 12. c4 c6 13. c5 Qc7 14. g4 h6 15.
h4 Nd7 16. Bxe4 Nxe5 17. Bc2 Ng6 18. h5 Ne7 19. Qd3 g6 20. Rf3 Kg7 21. b4 Rh8
22. b5 gxh5 23. gxh5 f5 24. Rg3+ Kf7 25. Kf2 Rhg8 26. Rbg1 Qa5 27. a4 Rxg3 28.
Rxg3 Rg8 29. Rxg8 Kxg8 30. Ke2 Kf8 31. bxc6 Nxc6 32. Qb3 Qc7 33. Bd1 Na5 34.
Qb4 Nc6 35. Qe1 Qg7 36. Kd3 Qg2 37. Qe2 Qxe2+ 38. Bxe2 Ke7 39. Kc3 Kd7 40. Bb5
Kc7 41. Kb3 a6 42. Bxc6 Kxc6 43. Kb4 b6 44. cxb6 Kxb6 45. Ka3 a5 1/2-1/2

[Event "I Weekend A"]
[Site "Piverone ITA"]
[Date "2012.03.10"]
[Round "3"]
[White "Bogatto, Mario"]
[Black "Cantamessa, Marco"]
[WhiteElo "1421"]
[BlackElo "1527"]
[Result "0-1"]
[PlyCount "134"]
[EventDate "2012.03.09"]

1. e4 c6 2. Nf3 d5 3. Nc3 Bg4 4. d4 dxe4 5. Nxe4 Bxf3 6. Qxf3 Qxd4 7. c3 Qd5 8.
Bf4 Nd7 9. Nd2 Ngf6 10. Qxd5 Nxd5 11. Bg3 e6 12. Be2 Be7 13. O-O O-O 14. Nf3
Rfd8 15. Rfe1 N7f6 16. h3 Bd6 17. Bh4 Be7 18. Bc4 Rd7 19. Rad1 Rad8 20. Ne5 Rc7
21. Bb3 Rcc8 22. Bg3 Kf8 23. Bc2 Bd6 24. Bh4 Bxe5 25. Rxe5 h6 26. Rde1 Rd7 27.
Bg3 Rcd8 28. R5e2 Nb6 29. b3 Nbd5 30. Be5 Ke7 31. a3 Nc7 32. Bd4 b6 33. a4 c5
34. Be3 Ncd5 35. Bd2 a5 36. Bc1 Nxc3 37. Re3 Ncd5 38. Rf3 Nb4 39. Bf5 Rd1 40.
Rfe3 Rxe1+ 41. Rxe1 Nd3 42. Bxd3 Rxd3 43. Bf4 Nd5 44. Bb8 Rxb3 45. Re4 Rb4 46.
f3 Rxe4 47. fxe4 Nf6 48. e5 Nd5 49. Bd6+ Kd7 50. Kf1 g6 51. Ke2 Nc3+ 52. Kd3
Nxa4 53. Kc4 Kc6 54. Kb3 b5 55. Be7 c4+ 56. Kc2 Kd5 57. Bf6 Nc5 58. Bd8 a4 59.
Ba5 Kxe5 60. Bc3+ Ke4 61. Bb4 Nd3 62. Bd2 h5 63. Bg5 Nf4 64. Kc3 Nxg2 65. Kb4
Nf4 66. h4 e5 67. Kxb5 a3 0-1

[Event "I Weekend A"]
[Site "Piverone ITA"]
[Date "2012.03.10"]
[Round "3"]
[White "Bosticardo, Andrea"]
[Black "Castaldo, Antonio"]
[WhiteElo "1329"]
[BlackElo "1651"]
[Result "0-1"]
[PlyCount "42"]
[EventDate "2012.03.09"]

1. d4 Nf6 2. c4 d6 3. Nc3 g6 4. Bg5 Bg7 5. Nf3 O-O 6. e3 Nc6 7. Qc2 Bg4 8. Be2
h6 9. Bh4 g5 10. Bg3 Nh5 11. O-O Nxg3 12. hxg3 Rb8 13. Qe4 Bxf3 14. gxf3 Qd7
15. Bd3 f5 16. Qd5+ e6 17. Qb5 a6 18. Qb3 e5 19. g4 fxg4 20. fxg4 Qxg4+ 21. Kh2
Rf3 0-1